000 01095nam a22002177a 4500
005 20250827161901.0
008 240903b ||||| |||| 00| 0 eng d
082 _a DPer 796.07 J826 July-October 2019 January-April 2020 v. 38, 39 n. 3-4, 1-2
100 _aCecchini, Jose-Antonio.
_eauthor.
_959926
245 _aEffect of a target-based intervention on students' motivational change :
_ba study throughout an academic year in physical education /
_cJose-Antonio Cecchini, Antonio Mendez-Gimenez, and Beatriz Sanchez-Martinez.
260 _aChampaign, Illinois ;
_bHuman Kinetics, Inc. ,
_cApril 2020.
300 _aVolume 39, pages 186-195 :
_billustration ;
_c28 cm.
500 _aJournal of Teaching in Physical Education, vol. 39, no. 2, pages 186-195, April 2020.
650 0 _aForeign countries.
_967089
650 0 _aSecondary school students.
_967102
650 0 _aStudent motivation.
_964901
700 _aCecchini, Jose-Antonio.
_eauthor.
_959926
700 _aMendez-Gimenez, Antonio.
_eauthor.
_959927
700 _aSanchez-Martinez, Beatriz.
_eauthor.
_959928
942 _2ddc
_cPER
999 _c21223
_d21223